00357cam a22000977a 4500008004000000082002200040100002000062245012400082260003900206300001400245180718b1969 xxu||||| |||| 00| 0 eng d aR706x71 C16/ST/11 aPalmer, Earl E. aTask force on labour relations, study no. 11 Responsible decision-making in democractic trade unionscby Earl E. Palmer aOttawabPrivy Council Officec1969 avii, 423p